Инструментальные работы повышенной сложности: учебное пособие

Λεπτομέρειες βιβλιογραφικής εγγραφής
Κύριος συγγραφέας: Покровский Б. С. Борис Семенович
Περίληψη:В учебном пособии предлагается применение компетентностного подхода к подготовке слесаря-инструментальщика. Приведены практические рекомендации по выполнению особо сложных инструментальных работ. Изложена последовательность изготовления контрольно-измерительных и режущих инструментов, штампов, пресс-форм для литья металлов под давлением и специальных приспособлений для металлорежущих станков. Для профессиональной подготовки, переподготовки и повышения квалификации рабочих по професии «Слесарь-инструментальщик». Может быть использовано в учреждениях начального профессионального образования
Γλώσσα:Ρωσικά
Έκδοση: Москва, Академия, 2008
Σειρά:Непрерывное профессиональное образование. Слесарь
Θέματα:
Μορφή: Βιβλίο
KOHA link:https://koha.lib.tpu.ru/cgi-bin/koha/opac-detail.pl?biblionumber=137698

MARC

LEADER 00000nam0a2200000 4500
001 137698
005 20231101220709.0
010 |a 9785769539954 
035 |a (RuTPU)RU\TPU\book\149228 
090 |a 137698 
100 |a 20080515d2008 m y0rusy50 ca 
101 0 |a rus 
102 |a RU 
105 |a a j 000zy 
200 1 |a Инструментальные работы повышенной сложности  |e учебное пособие  |f Б. С. Покровский 
210 |a Москва  |c Академия  |d 2008 
215 |a 64 с.  |c ил. 
225 1 |a Непрерывное профессиональное образование. Слесарь 
330 |a В учебном пособии предлагается применение компетентностного подхода к подготовке слесаря-инструментальщика. Приведены практические рекомендации по выполнению особо сложных инструментальных работ. Изложена последовательность изготовления контрольно-измерительных и режущих инструментов, штампов, пресс-форм для литья металлов под давлением и специальных приспособлений для металлорежущих станков. Для профессиональной подготовки, переподготовки и повышения квалификации рабочих по професии «Слесарь-инструментальщик». Может быть использовано в учреждениях начального профессионального образования 
606 1 |a Слесарно-инструментальные работы  |2 stltpush  |3 (RuTPU)RU\TPU\subj\55145  |9 73205 
610 1 |a слесарное дело 
610 1 |a контрольно-измерительные инструменты 
610 1 |a режущие инструменты 
610 1 |a изготовление 
610 1 |a холодная штамповка 
610 1 |a горячая штамповка 
610 1 |a штампы 
610 1 |a литье 
610 1 |a пресс-формы 
610 1 |a приспособления 
610 1 |a учебные пособия 
675 |a 621.753(075)  |v 3 
700 1 |a Покровский  |b Б. С.  |g Борис Семенович 
801 1 |a RU  |b 63413507  |c 20080515  |g PSBO 
801 2 |a RU  |b 63413507  |c 20150623  |g PSBO 
942 |c BK 
959 |a 49/20080514  |d 1  |e 115,00  |f ЧЗТЛ:1